[Event "Mechanics' Bedjanian TNM; G/2 d/5"]
[Site "San Francisco"]
[Date "2018.12.11"]
[Round "8.43"]
[White "Temple, Jason Todd"]
[Black "Cendejas, Jon Rodo"]
[Result "1-0"]
[WhiteElo "1338"]
[BlackElo "979"]
[PlyCount "89"]
[EventDate "2018.??.??"]
[Source "ChessBase"]
[SourceDate "2007.09.04"]

1. e4 e5 2. Nf3 Nc6 3. Bc4 Bc5 4. b4 Nxb4 5. Bxf7+ Kxf7 6. Nxe5+ Kf8 7. Ba3 Qf6
8. f4 Qxf4 9. Rf1 Qxf1+ 10. Kxf1 Nf6 11. c3 d6 12. cxb4 Bd4 13. Ng4 Bxa1 14.
Nxf6 Bxf6 15. d4 Be6 16. b5 Kf7 17. e5 dxe5 18. dxe5 Bxe5 19. Qf3+ Bf6 20. Qxb7
Rhe8 21. Qxc7+ Be7 22. Bxe7 Rxe7 23. Qf4+ Kg8 24. Qe4 Rf8+ 25. Kg1 Kh8 26. Nc3
Ref7 27. h4 Bd7 28. a4 Re8 29. Qd5 Be6 30. Qc6 Bd7 31. Qb7 Be6 32. Qc6 Bd7 33.
Qc7 Be6 34. Qg3 g6 35. Ne4 Ree7 36. Qe5+ Kg8 37. Ng5 Bf5 38. Qd5 Rd7 39. Qb3
Bc2 40. Qxc2 Rf8 41. Qc4+ Kh8 42. Qc5 Re8 43. a5 Rde7 44. Qc3+ Kg8 45. Kf2 1-0

[Event "Mechanics' Summer TNM; G/2 d/5"]
[Site "San Francisco"]
[Date "2018.07.17"]
[Round "8.36"]
[White "Temple, Jason Todd"]
[Black "Cendejas, Jon Rodolfo"]
[Result "1-0"]
[WhiteElo "1404"]
[BlackElo "911"]
[PlyCount "39"]
[EventDate "2018.??.??"]
[Source "ChessBase"]
[SourceDate "2007.09.04"]

1. d4 d5 2. c4 c6 3. Nc3 Nf6 4. e4 e6 5. cxd5 exd5 6. exd5 cxd5 7. Qa4+ Bd7 8.
Bb5 Be7 9. Nf3 O-O 10. Bg5 a6 11. Bxd7 Nbxd7 12. Qb3 Nb6 13. Bxf6 Bxf6 14.
O-O-O Qd6 15. Kb1 Rab8 16. Rhe1 Nc4 17. g4 Bg5 $2 18. Nxg5 Qf4 19. Nge4 dxe4
20. Qxc4 {anmd White went on to win.} 1-0

[Event "Mechanics' Shipman TNM; G/2 d/5"]
[Site "San Francisco"]
[Date "2018.09.25"]
[Round "8.40"]
[White "Temple, Jason Todd"]
[Black "Cowgill, Jackie"]
[Result "1-0"]
[WhiteElo "1384"]
[BlackElo "1104"]
[PlyCount "103"]
[EventDate "2018.??.??"]
[Source "ChessBase"]
[SourceDate "2007.09.04"]

1. b4 e5 2. Bb2 d6 3. e3 Nf6 4. Be2 Be7 5. Nf3 Bg4 6. O-O O-O 7. Kh1 Nbd7 8.
Nc3 c6 9. h3 Bh5 10. Rg1 Qc7 11. g4 Bg6 12. Nh4 Rfe8 13. g5 Ne4 14. Nxe4 Bxe4+
15. f3 Bd5 16. c4 Be6 17. Kh2 Nf8 18. f4 exf4 19. exf4 d5 20. Be5 Bd6 21. d4
Ng6 22. Nf3 Nxe5 23. dxe5 Bxb4 24. cxd5 cxd5 25. Rc1 Qa5 26. Nd4 a6 27. f5 Bc5
28. fxe6 fxe6 29. Rg4 Bxd4 30. Rxd4 Rf8 31. Bg4 Qxa2+ 32. Kh1 Rae8 33. Rc2 Qa3
34. Rd3 Qe7 35. Rg2 g6 36. h4 Kg7 37. Rf3 h6 38. gxh6+ Kxh6 39. Qd2+ Kg7 40.
Qg5 Qxg5 41. hxg5 Rxf3 42. Bxf3 Kf7 43. Rc2 Re7 44. Bd1 Rd7 45. Rh2 Kg7 46. Bg4
Re7 47. Rf2 Rc7 48. Bxe6 Rc1+ 49. Kg2 d4 50. Rf7+ Kg8 51. Rc7+ Kf8 52. Rxc1 1-0

[Event "Mechanics' Bedjanian TNM; G/2 d/5"]
[Site "San Francisco"]
[Date "2018.11.27"]
[Round "6.21"]
[White "Temple, Jason Todd"]
[Black "Furukawa, Jon"]
[Result "1-0"]
[WhiteElo "1338"]
[BlackElo "1534"]
[PlyCount "103"]
[EventDate "2018.??.??"]
[Source "ChessBase"]
[SourceDate "2007.09.04"]

1. b4 b5 2. c4 bxc4 3. e4 e5 4. Bxc4 Nf6 5. Nf3 d5 6. exd5 Nxd5 7. Nxe5 Be6 8.
Qa4+ Ke7 9. Ba3 Nb6 10. b5+ Kf6 11. Qb3 Nxc4 12. Nxc4 Qd5 13. Qc3+ Kg6 14. Ne5+
Kf6 15. Nd7+ Kf5 16. Qh3+ Kg6 17. Qg3+ Kh5 18. Nxf8 Qe4+ 19. Kd1 Qa4+ 20. Kc1
Rxf8 21. Bxf8 Bf5 22. Qxc7 Nd7 23. h3 Kg6 24. Qg3+ Kh5 25. Qf3+ Kg6 26. Qc6+
Nf6 27. g4 Bd3 28. h4 h5 29. gxh5+ Kh7 30. Bxg7 Be4 31. Qc3 Nd5 32. Qc6 Qc2+
33. Qxc2 Bxc2 34. Kxc2 Kxg7 35. Rg1+ Kh6 36. Rg5 Rc8+ 37. Kb3 Nf4 38. Nc3 Ne6
39. Re5 Nd4+ 40. Ka4 Ne6 41. Rxe6+ fxe6 42. Re1 Rd8 43. Rxe6+ Kxh5 44. Ne4 Kxh4
45. Re7 Kg4 46. Rxa7 Rd4+ 47. Ka5 Rxe4 48. b6 Re5+ 49. Ka6 Re4 50. b7 Rb4 51.
Ra8 Ra4+ 52. Kb5 1-0

[Event "Mechanics' Winter TNM; G/2 d5"]
[Site "San Francisco"]
[Date "2018.02.20"]
[Round "7.22"]
[White "Temple, Jason Todd"]
[Black "Gomboluudev, Enkhjin"]
[Result "0-1"]
[WhiteElo "1167"]
[BlackElo "1712"]
[PlyCount "90"]
[EventDate "2018.??.??"]
[Source "ChessBase"]
[SourceDate "2007.09.04"]

1. d4 d5 2. c4 c6 3. Nc3 Nf6 4. e4 Nxe4 5. cxd5 cxd5 6. Qa4+ Bd7 7. Bb5 Nxc3 8.
bxc3 Nc6 9. Nf3 a6 10. Be2 Rc8 11. Qb3 Qc7 12. O-O e6 13. g3 Na5 14. Qb2 Qxc3
15. Qxc3 Rxc3 16. Bd2 Ra3 17. Rfc1 Nc6 18. Rc2 Bd6 19. Bc1 Ra4 20. Rb1 b5 21.
Rd2 Bb4 22. Rc2 Bd6 23. Bd1 Nxd4 24. Nxd4 Rxd4 25. Bb2 Rb4 26. a3 Rc4 27. Bxg7
Rg8 28. Bb2 e5 29. Rd2 d4 30. Bb3 Rc7 31. Re1 Kf8 32. Rd3 Rg6 33. h4 f5 34. a4
bxa4 35. Bd5 Rc2 36. Ba3 Bxa3 37. Rxa3 e4 38. Rb1 d3 39. Rb8+ Be8 40. Ra1 d2
41. Rbb1 Rd6 42. Bb7 a3 43. Rd1 Bh5 44. g4 Bxg4 45. Rf1 d1=Q 0-1

[Event "Mechanics' Spring TNM; G/2 d5"]
[Site "San Francisco"]
[Date "2018.05.08"]
[Round "8.35"]
[White "Temple, Jason Todd"]
[Black "Hilliard, Michael"]
[Result "1-0"]
[WhiteElo "1167"]
[BlackElo "1455"]
[PlyCount "73"]
[EventDate "2018.??.??"]
[Source "ChessBase"]
[SourceDate "2007.09.04"]

1. c4 c6 2. Nc3 d5 3. e3 Nf6 4. cxd5 cxd5 5. Nf3 e6 6. g3 Bd6 7. Bg2 O-O 8. Nb5
Bb4 9. a3 Ba5 10. b4 Bb6 11. O-O Nc6 12. d3 a6 13. Nc3 Re8 14. h3 Bd7 15. Bb2
Rc8 16. Kh2 Bc7 17. b5 Na7 18. bxa6 bxa6 19. Ne2 Nb5 20. Nfd4 Bb6 21. g4 Bc6
22. Nxc6 Rxc6 23. a4 Qc7+ 24. Ng3 Nc3 25. Qf3 Nd7 26. Rfc1 Ne5 27. Qf4 Ba5 28.
Ra3 Rc8 29. d4 Nd3 30. Qxc7 R8xc7 31. Bxc3 Rxc3 32. Raxc3 Rxc3 33. Rxc3 Bxc3
34. Ne2 Bb4 35. Bf1 Nb2 36. Nc1 Nxa4 37. Bxa6 {
The game should be drawn, but White later won. Remaining moves unavailable.}
1-0

[Event "Mechanics' Vartan Bedjanian TNM; G/2 d/"]
[Site "San Francisco"]
[Date "2018.11.07"]
[Round "3.41"]
[White "Temple, Jason Todd"]
[Black "James, Charles"]
[Result "0-1"]
[WhiteElo "1338"]
[BlackElo "1421"]
[PlyCount "52"]
[EventDate "2018.??.??"]
[Source "ChessBase"]
[SourceDate "2007.09.04"]

1. b4 e5 2. Bb2 d6 3. g3 Nf6 4. Bg2 Nbd7 5. a4 d5 6. e3 Bxb4 7. Nf3 e4 8. Nd4
c5 9. Nf5 O-O 10. h4 Nb6 11. Bxf6 Qxf6 12. c3 Bxf5 13. g4 Bxg4 14. Qxg4 Ba5 15.
Rg1 Nc4 16. Bf1 Ne5 17. Qg3 Nf3+ 18. Kd1 Nxg1 19. Qxg1 Qxh4 20. Na3 a6 21. Rb1
Qe7 22. Nc2 Qd7 23. Be2 Qxa4 24. Rxb7 Qc6 25. Re7 Rab8 26. Kc1 Qb6 0-1

[Event "Mechanics' Winter TNM; G/2 d5"]
[Site "San Francisco"]
[Date "2018.02.06"]
[Round "5.16"]
[White "Temple, Jason Todd"]
[Black "Kuczek, Kevin W"]
[Result "0-1"]
[WhiteElo "1167"]
[BlackElo "1916"]
[PlyCount "68"]
[EventDate "2018.??.??"]
[Source "ChessBase"]
[SourceDate "2007.09.04"]

1. e3 e5 2. d3 d5 3. b3 Nf6 4. Bb2 Bd6 5. g3 O-O 6. Bg2 Bg4 7. Ne2 c5 8. Nbc3
Be6 9. Qd2 a6 10. a4 Nc6 11. f4 d4 12. Nd1 dxe3 13. Nxe3 exf4 14. gxf4 Rc8 15.
h3 Re8 16. O-O-O b5 17. axb5 axb5 18. Rdg1 Nd4 19. Kb1 Nxe2 20. Qxe2 Bxf4 21.
Bb7 Rb8 22. Qf3 Kh8 23. Bc6 Bxe3 24. Bxe8 Bxg1 25. Rxg1 Nxe8 26. Qg3 f6 27. h4
Qd6 28. Qf3 Rd8 29. h5 h6 30. Rxg7 Kxg7 31. Qg2+ Kh8 32. Bc1 Qf8 33. Qg6 Bf7
34. Qf5 Rd5 0-1

[Event "Mechanics' Spring TNM; G/2 d5"]
[Site "San Francisco"]
[Date "2018.03.20"]
[Round "1.30"]
[White "Temple, Jason Todd"]
[Black "Newey, Richard Her"]
[Result "0-1"]
[WhiteElo "1167"]
[BlackElo "1729"]
[PlyCount "46"]
[EventDate "2018.??.??"]
[Source "ChessBase"]
[SourceDate "2007.09.04"]

1. e4 c5 2. Nc3 g6 3. Bc4 Bg7 4. Nge2 d6 5. d4 cxd4 6. Nxd4 Nc6 7. Be3 Nf6 8.
h4 Ng4 9. Nxc6 bxc6 10. Bd4 e5 11. Qf3 Qf6 12. Qxf6 Bxf6 13. Be3 Nxe3 14. fxe3
Ke7 15. h5 Be6 16. b3 Bxc4 17. bxc4 Rab8 18. hxg6 hxg6 19. Rxh8 Rxh8 20. Nd1
Rb8 21. Ke2 Rb4 22. Kd3 d5 23. exd5 e4+ {and Black won shortly.} 0-1

[Event "Mechanics' Summer TNM; G/2 d/5"]
[Site "San Francisco"]
[Date "2018.06.05"]
[Round "2.34"]
[White "Temple, Jason Todd"]
[Black "Quang, Danny"]
[Result "0-1"]
[WhiteElo "1404"]
[BlackElo "1697"]
[PlyCount "68"]
[EventDate "2018.??.??"]
[Source "ChessBase"]
[SourceDate "2007.09.04"]

1. b3 d5 2. Bb2 c5 3. g3 Nf6 4. Bg2 Bf5 5. Nh3 Nc6 6. O-O e6 7. f4 Be7 8. Nf2
h6 9. d3 d4 10. Nd2 O-O 11. Nc4 Rb8 12. e4 dxe3 13. Nxe3 Nb4 14. Nxf5 exf5 15.
Be5 Bd6 16. c3 Nbd5 17. c4 Ne3 18. Qe2 Nxf1 19. Rxf1 Re8 20. Qb2 Bxe5 21. fxe5
Nd7 22. Re1 Qe7 23. d4 cxd4 24. Nd3 b5 25. Qxd4 bxc4 26. bxc4 Nf8 27. Bd5 Ne6
28. Qf2 g6 29. Bxe6 Qxe6 30. Qxa7 Qxc4 31. e6 Rf8 32. exf7+ Qxf7 33. Qxf7+ Kxf7
34. Ne5+ Kg7 0-1

[Event "Mechanics' Spring TNM; G/2 d5"]
[Site "San Francisco"]
[Date "2018.04.17"]
[Round "5.44"]
[White "Temple, Jason Todd"]
[Black "Regzedmaa, Ganhuya"]
[Result "1-0"]
[WhiteElo "1167"]
[BlackElo "1473"]
[PlyCount "80"]
[EventDate "2018.??.??"]
[Source "ChessBase"]
[SourceDate "2007.09.04"]

1. e4 e5 2. Nf3 Nc6 3. Bc4 h6 4. c3 Nf6 5. d4 exd4 6. cxd4 Bb4+ 7. Nc3 O-O 8.
O-O a6 9. e5 Nh7 10. Ne4 d5 11. exd6 Bxd6 12. d5 Ne5 13. Nxd6 cxd6 14. Nxe5
dxe5 15. Qh5 Qd6 16. Re1 b5 17. Bb3 e4 18. f4 Bb7 19. Qe5 Rad8 20. Qxd6 Rxd6
21. Bd2 Bxd5 22. Bb4 Rfd8 23. Bxd6 Rxd6 24. Rad1 Nf6 25. Bxd5 Nxd5 26. Rxe4 Rc6
27. Re8+ Kh7 28. Rxd5 Rc1+ 29. Kf2 Rc2+ 30. Re2 Rc4 31. Kf3 Rc6 32. Ke4 Re6+
33. Re5 Rc6 34. b3 g6 35. Rd2 Kg7 36. Rd7 Kf6 37. Kd5 Re6 38. Rxf7+ Kxf7 39.
Rxe6 h5 40. Rxa6 h4 1-0

[Event "Mechanics' Spring TNM; G/2 d5"]
[Site "San Francisco"]
[Date "2018.05.01"]
[Round "7.33"]
[White "Temple, Jason Todd"]
[Black "Revi, Frank"]
[Result "0-1"]
[WhiteElo "1167"]
[BlackElo "1256"]
[PlyCount "84"]
[EventDate "2018.??.??"]
[Source "ChessBase"]
[SourceDate "2007.09.04"]

1. c4 c5 2. g3 Nc6 3. Bg2 Nf6 4. e3 e6 5. Nf3 d6 6. O-O Be7 7. Nc3 O-O 8. h3
Qc7 9. Nb5 Qd7 10. d4 cxd4 11. Nbxd4 e5 12. Ne2 Qc7 13. Kh2 Be6 14. Qc2 Rad8
15. g4 d5 16. Ng5 Nxg4+ 17. hxg4 Bxg5 18. f4 exf4 19. cxd5 fxe3+ 20. Kh1 Bxd5
21. Rf5 Bxg2+ 22. Kxg2 Qe7 23. a3 Rd6 24. Qc5 Qe4+ 25. Kg3 Be7 26. Nc3 e2 27.
Nxe4 e1=Q+ 28. Kh2 Rh6+ 29. Bxh6 Qh4+ 30. Kg2 Qxg4+ 31. Ng3 Bxc5 32. Rg5 Qe6
33. Bxg7 f6 34. Bxf6+ Kf7 35. Rf1 Ke8 36. Rgf5 Bd6 37. Nh5 Qe2+ 38. R1f2 Qg4+
39. Ng3 Qxg3+ 40. Kf1 Qd3+ 41. Kg2 Rg8+ 42. Kh1 Qh3+ 0-1

[Event "Mechanics' Shipman TNM; G/2 d/5"]
[Site "San Francisco"]
[Date "2018.08.07"]
[Round "1.14"]
[White "Temple, Jason Todd"]
[Black "Ricard, Bruce"]
[Result "0-1"]
[WhiteElo "1384"]
[BlackElo "1920"]
[PlyCount "68"]
[EventDate "2018.??.??"]
[Source "ChessBase"]
[SourceDate "2007.09.04"]

1. c4 c6 2. g3 Nf6 3. Bg2 d5 4. cxd5 cxd5 5. Nf3 Bf5 6. Qa4+ Qd7 7. Qb3 Nc6 8.
Nc3 d4 9. Nd1 e5 10. O-O Be6 11. Qb5 a6 12. Qa4 Bc5 13. Ng5 Bd5 14. e4 dxe3 15.
fxe3 Bxg2 16. Kxg2 Qd5+ 17. e4 Qd4 18. Qb3 O-O 19. Qxb7 Na5 20. Qc7 Nc4 21. d3
Ra7 22. Qc6 Na5 23. Be3 Nxc6 24. Bxd4 Bxd4 25. Rc1 Rc7 26. Nf3 Rfc8 27. Nc3 Nb4
28. Nxd4 exd4 29. Ne2 Nxd3 30. Rxc7 Rxc7 31. Nxd4 Rc4 32. Nb3 Rc2+ 33. Kh3 Rxb2
34. Rd1 Nf2+ 0-1

[Event "Mechanics' Spring TNM; G/2 d5"]
[Site "San Francisco"]
[Date "2018.03.27"]
[Round "2.40"]
[White "Temple, Jason Todd"]
[Black "Simpkins, Jerry"]
[Result "1-0"]
[WhiteElo "1167"]
[BlackElo "1580"]
[PlyCount "43"]
[EventDate "2018.??.??"]
[Source "ChessBase"]
[SourceDate "2007.09.04"]

1. c4 e5 2. g3 f5 3. e3 e4 4. Bg2 Nf6 5. Nc3 Nc6 6. Nge2 Ne5 7. O-O Nd3 8. h3
d6 9. Kh2 Be6 10. b3 g6 11. f3 Bg7 12. fxe4 fxe4 13. Nd4 Nc5 14. Nxe6 Nxe6 15.
Bb2 Nc5 16. Nxe4 Nd3 17. Nxf6+ Bxf6 18. Bxf6 Qd7 19. Bxh8 Ne5 20. Bxe5 dxe5 21.
Bxb7 Rd8 22. Qf3 1-0

[Event "Mechanics' Shipman TNM; G/2 d/5"]
[Site "San Francisco"]
[Date "2018.09.04"]
[Round "5.46"]
[White "Temple, Jason Todd"]
[Black "Sloan, Sam"]
[Result "0-1"]
[WhiteElo "1384"]
[BlackElo "1949"]
[PlyCount "54"]
[EventDate "2018.??.??"]
[Source "ChessBase"]
[SourceDate "2007.09.04"]

1. b4 e5 2. Bb2 f6 3. e3 Bxb4 4. Bc4 Nc6 5. Nf3 d5 6. Bb3 Bg4 7. Nc3 Nge7 8.
Ne2 Qd7 9. c3 Bd6 10. h3 Bxf3 11. gxf3 O-O-O 12. f4 exf4 13. Nxf4 Bxf4 14. exf4
Ng6 15. Qf3 Rhe8+ 16. Kd1 Qf5 17. Rg1 Nce5 18. Qe3 Nd3 19. Qxa7 Nxb2+ 20. Kc1
Nd3+ 21. Kd1 c6 22. Bc2 Qe4 23. Qe3 Nb2+ 24. Kc1 Qxe3 25. dxe3 Nc4 26. Bxg6
hxg6 27. Rxg6 Re7 {And Black went on to win.} 0-1

[Event "Mechanics' Winter TNM; G/2 d5"]
[Site "San Francisco"]
[Date "2018.02.06"]
[Round "5.54"]
[White "Temple, Jason Todd"]
[Black "Tabatabai, Ashkon"]
[Result "1-0"]
[WhiteElo "1167"]
[BlackElo "1190"]
[PlyCount "59"]
[EventDate "2018.??.??"]
[Source "ChessBase"]
[SourceDate "2007.09.04"]

1. d4 d5 2. c4 Nc6 3. Nc3 e6 4. c5 Nf6 5. Bg5 Be7 6. Nf3 O-O 7. g3 b6 8. cxb6
axb6 9. e3 Bb4 10. Ne5 Bb7 11. Bb5 Nxe5 12. dxe5 h6 13. Bxf6 gxf6 14. Qg4+ Kh8
15. Qxb4 c6 16. Qh4 cxb5 17. Qxh6+ Kg8 18. exf6 Qxf6 19. Qxf6 b4 20. Qg5+ Kh8
21. Qh4+ Kg8 22. Qxb4 Ra6 23. Qg4+ Kh8 24. Qd4+ f6 25. O-O e5 26. Qb4 Rd8 27.
Qe7 Rb8 28. Qxf6+ Kg8 29. Qxe5 Rd8 30. Qg5+ 1-0

[Event "Mechanics' Bedjanian TNM; G/2 d/5"]
[Site "San Francisco"]
[Date "2018.11.27"]
[Round "6.22"]
[White "Thet, Lyn Aung"]
[Black "Cheng, Andrew"]
[Result "1-0"]
[WhiteElo "1729"]
[BlackElo "1366"]
[PlyCount "73"]
[EventDate "2018.??.??"]
[Source "ChessBase"]
[SourceDate "2007.09.04"]

1. e4 e5 2. Nf3 Nc6 3. Bb5 d6 4. c3 Nf6 5. Qe2 g6 6. d4 Bd7 7. Bg5 Bg7 8. Bxc6
bxc6 9. dxe5 dxe5 10. Nxe5 O-O 11. Nxd7 Qxd7 12. O-O Rfe8 13. f3 Qe6 14. Nd2
Rab8 15. Nb3 Qc8 16. Be3 Qb7 17. Rab1 Nd7 18. Rfd1 Rbd8 19. Na5 Qa8 20. Qa6 Nb6
21. Nb7 Rxd1+ 22. Rxd1 f5 23. Kf2 fxe4 24. fxe4 Rf8+ 25. Kg1 h6 26. Nc5 Re8 27.
a4 Kh7 28. Bf2 Re7 29. a5 Rf7 30. axb6 cxb6 31. Ne6 c5 32. Nxg7 Kxg7 33. e5 Qe4
34. Re1 Qf4 35. Qe2 Re7 36. Bg3 Qf7 37. e6 1-0

[Event "Mechanics' Shipman TNM; G/2 d/5"]
[Site "San Francisco"]
[Date "2018.08.21"]
[Round "3.31"]
[White "Thet, Lyn Aung"]
[Black "Revi, Frank"]
[Result "1-0"]
[WhiteElo "1785"]
[BlackElo "1471"]
[PlyCount "51"]
[EventDate "2018.??.??"]
[Source "ChessBase"]
[SourceDate "2007.09.04"]

1. e4 c5 2. c3 Nc6 3. d4 cxd4 4. cxd4 d5 5. e5 e6 6. Nf3 Nge7 7. a3 Ng6 8. Bd3
Nce7 9. h4 Nf5 10. h5 Ngh4 11. Nxh4 Nxh4 12. Bb5+ Bd7 13. Bxd7+ Kxd7 14. Qa4+
Kc8 15. O-O f6 16. Bd2 a5 17. Nc3 fxe5 18. Rac1 Kb8 19. Nb5 Bd6 20. Nxd6 Qxd6
21. dxe5 Qe7 22. Qb5 Qd8 23. Rc5 b6 24. Rc6 Ra7 25. Rxb6+ Ka8 26. Qc6+ 1-0

[Event "Mechanics' Bedjanian TNM; G/2 d/5"]
[Site "San Francisco"]
[Date "2018.12.11"]
[Round "8.20"]
[White "Thet, Lyn Aung"]
[Black "Robertson, Terrance"]
[Result "1-0"]
[WhiteElo "1729"]
[BlackElo "1471"]
[PlyCount "119"]
[EventDate "2018.??.??"]
[Source "ChessBase"]
[SourceDate "2007.09.04"]

1. e4 e5 2. Nf3 Nf6 3. Nxe5 d6 4. Nf3 Nxe4 5. Nc3 Bf5 6. Nxe4 Bxe4 7. d3 Bf5 8.
Be3 Be7 9. Qd2 Nc6 10. Be2 Qd7 11. O-O-O O-O-O 12. Nd4 a6 13. Nxf5 Qxf5 14. h3
Qa5 15. Qxa5 Nxa5 16. Bf3 d5 17. Bd4 f6 18. Rde1 Nc6 19. Bc3 d4 20. Bxc6 dxc3
21. Bxb7+ Kxb7 22. Rxe7 cxb2+ 23. Kxb2 Rhg8 24. Rhe1 Kc6 25. R1e6+ Rd6 26. Kc3
Kd5 27. Re4 Rc6+ 28. Kd2 Kd6 29. Rf7 Rb8 30. Rxg7 Rb2 31. Rd4+ Ke5 32. Rc4 Rxc4
33. dxc4 c5 34. Rxh7 Rxa2 35. Rd7 Ra1 36. Rd5+ Ke4 37. Ke2 Rc1 38. Kd2 Rf1 39.
f3+ Kf4 40. Ke2 Rc1 41. Rd2 a5 42. Kf2 a4 43. g3+ Kf5 44. Rd5+ Ke6 45. Rxc5
Rxc2+ 46. Ke3 a3 47. Rc6+ Ke7 48. Kd4 a2 49. Ra6 Rg2 50. g4 Rg3 51. Rxa2 Rxh3
52. Ke4 Rh8 53. c5 Rc8 54. Rc2 Ke6 55. c6 Kd6 56. Kf5 Rf8 57. c7 Kd7 58. c8=Q+
Rxc8 59. Rxc8 Kxc8 60. Kxf6 1-0

[Event "Mechanics' Shipman TNM; G/2 d/5"]
[Site "San Francisco"]
[Date "2018.09.11"]
[Round "6.12"]
[White "Thet, Lyn Aung"]
[Black "Walder, Michael S"]
[Result "0-1"]
[WhiteElo "1785"]
[BlackElo "2031"]
[Annotator "Winslow,Elliott"]
[PlyCount "64"]
[EventDate "2018.??.??"]
[Source "ChessBase"]
[SourceDate "2007.09.04"]

1. e4 Nf6 (1... e5 2. Nf3 Nf6 3. Nxe5 d6 4. Nf3 Nxe4 5. Nc3 Nxc3 6. dxc3) 2. e5
Nd5 3. Nc3 Nxc3 4. dxc3 d5 5. exd6 exd6 6. Bc4 (6. Nf3) 6... Be7 7. Nf3 O-O 8.
O-O Nc6 9. Re1 Bg4 10. h3 Bxf3 11. Qxf3 Ne5 12. Qe4 Nxc4 13. Qxc4 Bf6 14. Bf4
Qd7 15. Rad1 Rfe8 16. Qb3 Qc6 17. Be3 Re4 18. f3 Re6 19. Bd4 Rae8 20. Rxe6 fxe6
21. Re1 Kf7 22. f4 g6 23. Kf2 a6 24. Bxf6 Kxf6 25. g4 Qb5 26. Qa3 Qc4 27. Kg3
e5 28. fxe5+ Rxe5 29. Rxe5 Kxe5 30. Qa5+ d5 31. b3 Qf4+ 32. Kh4 {[#]} Kf6 $4 {
0-1 ???} (32... Qf2+ 33. Kg5 Qe3+ 34. Kh4 Kf6 {and mate}) 0-1

[Event "Mechanics' Summer TNM; G/2 d/5"]
[Site "San Francisco"]
[Date "2018.05.29"]
[Round "1.28"]
[White "Thet, Lyn Aung"]
[Black "Wantz, Brian"]
[Result "1-0"]
[WhiteElo "1791"]
[BlackElo "1296"]
[PlyCount "57"]
[EventDate "2018.??.??"]
[Source "ChessBase"]
[SourceDate "2007.09.04"]

1. e4 e5 2. Nf3 Nc6 3. Bb5 a6 4. Ba4 Nf6 5. Qe2 Bc5 6. c3 d6 7. d4 Bb6 8. d5
Bxf2+ 9. Kxf2 b5 10. dxc6 bxa4 11. Bg5 Bg4 12. Nbd2 Qb8 13. Rab1 Nh5 14. h3
Qb6+ 15. Be3 Nf4 16. Bxb6 Nxe2 17. hxg4 Nf4 18. Be3 Ng6 19. b3 O-O 20. bxa4 d5
21. exd5 f5 22. gxf5 Rxf5 23. c4 Raf8 24. Ne4 Nf4 25. Bxf4 Rxf4 26. Rhe1 h6 27.
Kg1 Rg4 28. Nxe5 Rh4 29. Ng6 1-0

[Event "Mechanics' Shipman TNM; G/2 d/5"]
[Site "San Francisco"]
[Date "2018.08.07"]
[Round "1.24"]
[White "Thibault, William"]
[Black "Babayan, Gagik"]
[Result "0-1"]
[WhiteElo "1294"]
[BlackElo "1774"]
[PlyCount "80"]
[EventDate "2018.??.??"]
[Source "ChessBase"]
[SourceDate "2007.09.04"]

1. d4 e6 2. c4 f5 3. Nc3 d5 4. e3 Nf6 5. f3 c6 6. Bd3 Nbd7 7. Nge2 Bd6 8. Bd2
a6 9. O-O dxc4 10. Bxc4 Nb6 11. Qb3 Nxc4 12. Qxc4 Qc7 13. g3 Bd7 14. Rac1 O-O
15. Nf4 Bxf4 16. exf4 Qd6 17. Rf2 b5 18. Qd3 c5 19. Be3 b4 20. Nd1 Bb5 21. Qd2
c4 22. g4 a5 23. gxf5 exf5 24. Rg2 Nh5 25. d5 Rfd8 26. Rg5 h6 27. Rxh5 Qg6+ 28.
Qg2 Qxh5 29. Bd4 Qf7 30. Ne3 Ra6 31. Nxf5 Rg6 32. Ne7+ Qxe7 33. Qxg6 Rxd5 34.
Be5 Be8 35. Qe4 Qc5+ 36. Kh1 Bf7 37. Rg1 g5 38. h4 Qf2 39. Rg2 Rd1+ 40. Rg1
Rxg1# 0-1

[Event "Mechanics' Bedjanian TNM; G/2 d/5"]
[Site "San Francisco"]
[Date "2018.10.30"]
[Round "2.43"]
[White "Thibault, William"]
[Black "Boldi, Nicholas"]
[Result "0-1"]
[WhiteElo "1126"]
[BlackElo "1482"]
[PlyCount "56"]
[EventDate "2018.??.??"]
[Source "ChessBase"]
[SourceDate "2007.09.04"]

1. d4 e6 2. c4 d5 3. Nc3 Nf6 4. Bg5 Bb4 5. Qc2 c6 6. e3 Nbd7 7. Nf3 Qa5 8. Bxf6
Nxf6 9. Bd3 dxc4 10. a3 cxd3 11. Qxd3 Bxc3+ 12. bxc3 Nd5 13. O-O Qxc3 14. Qxc3
Nxc3 15. Kh1 Ne4 16. Rab1 O-O 17. Rb2 f6 18. Rc1 Rd8 19. Kg1 Rd5 20. Ne1 a6 21.
f3 Nd6 22. Nd3 Rb5 23. Rc5 Rxc5 24. Nxc5 b5 25. Rb3 Nb7 26. Rc3 Nxc5 27. Rxc5
Bb7 28. g4 Rd8 0-1

[Event "Mechanics' Bedjanian TNM; G/2 d/5"]
[Site "San Francisco"]
[Date "2018.12.04"]
[Round "7.39"]
[White "Thibault, William"]
[Black "Capdeville, Barry"]
[Result "1/2-1/2"]
[WhiteElo "1126"]
[BlackElo "1218"]
[Annotator "Winslow,Elliott"]
[PlyCount "76"]
[EventDate "2018.??.??"]
[Source "ChessBase"]
[SourceDate "2007.09.04"]

1. d4 d5 2. c4 e6 3. Nf3 Nf6 4. Bg5 Be7 5. Nc3 O-O 6. e3 Nbd7 7. Bd3 Re8 (7...
h6) (7... c6) (7... a6) (7... dxc4) (7... c5) 8. O-O ({Relevant:} 8. Qc2 c6 9.
O-O Nf8 10. cxd5 exd5 11. Rab1 Ne4 12. Bxe7 Qxe7 13. b4 {
1/2-1/2 (13) Dumitrache,D (2425)-Istratescu,A (2582) Bucharest 2001}) 8... Nf8
9. Bxf6 $146 ({Predecessor:} 9. Qc2 c6 10. Rad1 Ng6 11. Ne5 dxc4 12. Bxc4 Nd5
13. Bxe7 Qxe7 14. Ne4 Nf8 15. Bb3 f6 16. Nd3 Rd8 17. Ng3 Kh8 18. e4 Nb4 19. Qc4
Nxd3 20. Rxd3 a5 21. Rfd1 Qb4 22. e5 Qxc4 23. Bxc4 f5 24. a4 g6 25. Ne2 Bd7 26.
Bb3 Be8 27. h4 Rd7 28. Nf4 Bf7 29. f3 Rad8 30. g4 c5 31. dxc5 fxg4 32. fxg4
Rxd3 33. Rxd3 Rxd3 34. Nxd3 Be8 35. Kf2 Kg7 36. Ke3 Kf7 37. Nf4 Ke7 38. g5 Bc6
{Zhu,C (2539) -Pokorna,R (2363) Shenyang 2000 1-0}) 9... Bxf6 10. b4 Ng6 11.
Re1 e5 12. e4 Bg4 13. exd5 exd4 14. Rxe8+ Qxe8 15. Nb5 Qd7 16. Bxg6 fxg6 17.
Nbxd4 Bxf3 18. gxf3 Qd6 19. Rb1 Bxd4 20. Qxd4 Rd8 21. Qxa7 b6 22. c5 bxc5 23.
bxc5 Qxd5 24. Qxc7 Rd7 25. Rb8+ Kf7 26. Rd8 Ke7 27. Rxd7+ Qxd7 28. Qxd7+ Kxd7
29. Kg2 Kc6 30. Kg3 Kxc5 31. Kf4 Kb4 32. Ke5 Ka3 33. f4 Kxa2 34. f5 gxf5 35.
Kxf5 Kb3 36. f4 Kc4 37. Ke4 Kc5 38. Ke5 Kc4 1/2-1/2

[Event "Mechanics' Summer TNM; G/2 d/5"]
[Site "San Francisco"]
[Date "2018.07.10"]
[Round "7.41"]
[White "Thibault, William"]
[Black "Greene, Sammy"]
[Result "0-1"]
[WhiteElo "1405"]
[BlackElo "1522"]
[PlyCount "52"]
[EventDate "2018.??.??"]
[Source "ChessBase"]
[SourceDate "2007.09.04"]

1. d4 c6 2. c4 d5 3. Nc3 Nf6 4. Bg5 e6 5. Nf3 Be7 6. e3 O-O 7. Bd3 Nbd7 8. O-O
h6 9. Bh4 a6 10. Qe2 b5 11. c5 a5 12. a3 Re8 13. Bg3 Bf8 14. Be5 Ng4 15. h3
Ngxe5 16. Nxe5 Nxe5 17. dxe5 Bxc5 18. Rfc1 Ba7 19. Qf3 Bb8 20. Qh5 d4 21. exd4
Qxd4 22. Rd1 Qxe5 23. Qf3 Bb7 24. Re1 Qf4 25. Be2 Qh2+ 26. Kf1 Qh1# 0-1